000 00605cam a2200181 i 4500
005 20251119102227.0
008 250721s2003 jo gr 000 0 ara d
082 1 4 _a210.45
_bر د ا
100 1 _aالردايده، أحمد حسن شحادة
_eمؤلف.
245 1 2 _aالإسلام والعلم الحديث /
_cتأليف أحمد حسن شحادة الردايده.
250 _aالطبعة الأولى.
264 3 1 _aاربد :
_bالمؤلف،
_c2003.
300 _a186 صفحة.
650 1 7 _aالإسلام.
650 1 7 _aالعلوم.
942 _2ddc
_cBK
999 _c89969
_d89969